| 000 | 00895nam a22002175i 4500 | ||
|---|---|---|---|
| 001 | 160683 | ||
| 003 | ES-MaACL | ||
| 005 | 20250808063541.0 | ||
| 008 | 960725s1837 sp |||| | spa d | ||
| 040 |
_aCLM _bspa _cCLM |
||
| 100 | 1 |
_aNieto y Serrano, Matías, _d1813-1902 _9130482 |
|
| 245 | 1 | 0 |
_aElementos del arte de los apósitos _b: con la descripción completa de todos los vendages y demás piezas de apósito conocidos hasta el día / _cpor Matías Nieto y Serrano y Francisco Méndez y Alvaro. |
| 260 |
_aMadrid : _b[s.n.], _c1837 ( _fimprenta de Salvador Albert) |
||
| 300 |
_aXVI, 300 p., 8h. de lam. pleg. ; _c22 cm. |
||
| 597 | _aAntep. | ||
| 599 | _aLas h. de lam. "Lits de Aragon calle del Gato Nº 9" | ||
| 650 | 7 |
_aVendajes _2embne _9144747 |
|
| 700 | 0 |
_aMéndez Alvaro, Francisco. _980136 |
|
| 852 |
_aES-MaACL _jG-6118 _z-- Enc. hol. |
||
| 999 |
_c160683 _d160683 |
||